000 00300nam a22001337a 4500
008 171025b xxu||||| |||| 00| 0 eng d
020 _a0135934915
041 _aeng
080 _25th
_a311
100 _a55
101 _aSTA
245 _aMODERN ELEMENTARY STATISTICS
_cFREUND,J.E
942 _2udc
_cBK
999 _c35931
_d35931